000 00626nam a2200193Ia 4500
003 GCL
008 140319s9999 xx 000 0 ara d
040 _aGCL /
_cGCL
082 0 4 _a608.7
_bم س
100 1 _aفويلكل، جيمس ار0
245 1 0 _aيوهانز كبلر وعلم الفلك الجديد /
_cفويلكل، جيمس ار0
260 _aالرياض :
_bمكتبة العبيكان ،
_c2004
300 _a199 ص ؛
_c24 سم
490 _aسلسلة علماء عباقرة
_v0
650 0 4 _aالفلك
650 0 4 _aالعلماء - تراجم
650 0 4 _aكبلر، يوهانز
942 _2ddc
_cBK
999 _c7136
_d7136